Kek aneka pilihan

Bibliographic Details
Format: Book
Published: Kuala Lumpur : Crescent News (K.L) Sdn.Bhd. , 1998
Subjects:

MARC

LEADER 00000cam a2200000 7i4500
001 0000006514
005 20020504.0
020 |a 9839596600 
090 0 0 |a 641.8653   |b KEK 
245 0 0 |a Kek aneka pilihan 
260 |a Kuala Lumpur :   |b Crescent News (K.L) Sdn.Bhd. ,   |c 1998 
300 |a 80p. :   |b ill.. ;   |c 28cm. 
650 0 0 |a Cake 
999 |a 040026   |b BUKU   |c PINJAMAN   |e PERPUSTAKAAN KOMUNITI PETALING JAYA 
999 |a 040027   |b BUKU   |c PINJAMAN   |e PERPUSTAKAAN KOMUNITI PETALING JAYA 
999 |a 123329   |b BUKU   |c PINJAMAN   |e PERPUSTAKAAN KOMUNITI CAW KOTA DAMANSARA 
999 |a 123330   |b BUKU   |c PINJAMAN   |e PERPUSTAKAAN KOMUNITI CAW KOTA DAMANSARA